Statistics for Biggest European Cities by Letter - F

Click here to take the quiz!

General Stats

  • This quiz has been taken 62 times
  • The average score is 5 of 20

Answer Stats

Rank Population Country Hint City % Correct
2383,000ItalyBirthplace of the Renaissance, DavidFlorence
98%
1733,000GermanyMajor financial centreFrankfurt am Main
96%
3226,000GermanyBlack ForestFreiburg im Breisgau
54%
9112,000PortugalCapital city of MadeiraFunchal
41%
1379,000ItalyInternational Airport of RomeFiumicino
21%
1280,000NorwayLiterally Fredrik's TownFredrikstad
20%
6133,000ItalyNear the Po RiverFerrara
16%
5152,000ItalySanta Maria de FoveaFoggia
14%
7124,000GermanyFirst German railway lineFürth
14%
4195,000SpainOne of the bigger suburbs of MadridFuenlabrada
13%
10105,000DenmarkCompletely surrounded by CopenhagenFrederiksberg
13%
1867,000GermanyNear Germany's geographical centerFulda
13%
1768,000SpainBirthplace of dictator FrancoFerrol
11%
1966,000United KingdomAviation, known for its AirshowFarnborough
11%
1186,000GermanyDatabase of traffic violators (Punkte)Flensburg
11%
8118,000ItalyCentral city of RomagnaForlì
11%
1669,000Russia / UkraineCrimean city formerly known as CaffaFeodosia
9%
1578,000SpainAndalusian tourist resortFuengirola
7%
1479,000RomaniaCapital of Vrancea CountyFocșani
7%
2065,000United KingdomNear the City of BristolFilton
5%

Score Distribution

Percentile by Number Answered

Percent of People with Each Score

Your Score History

You have not taken this quiz